Morocco under colonial rule: French administration of tribal areas 1912-1956. / (Record no. 73629)
[ view plain ]
| 000 -LEADER | |
|---|---|
| fixed length control field | 01060cam a2200325 4500 |
| 001 - CONTROL NUMBER | |
| control field | 73629 |
| 003 - CONTROL NUMBER IDENTIFIER | |
| rucl marc code | BD-RjUL |
| 005 - DATE AND TIME OF LATEST TRANSACTION | |
| control field | 20211209082424.0 |
| 008 - FIXED-LENGTH DATA ELEMENTS--GENERAL INFORMATION | |
| fixed length control field | 19 s1973 enkb b 000 0 eng |
| 020 ## - INTERNATIONAL STANDARD BOOK NUMBER | |
| International Standard Book Number | 0714628778 |
| 035 ## - SYSTEM CONTROL NUMBER | |
| System control number | (BD-RjUL)73847 |
| 040 ## - CATALOGING SOURCE | |
| Original cataloging agency | DLC |
| Transcribing agency | DLC |
| Modifying agency | DLC |
| Language of cataloging | eng |
| 041 ## - LANGUAGE CODE | |
| Language code of text/sound track or separate title | eng |
| 043 ## - GEOGRAPHIC AREA CODE | |
| Geographic area code | f-mr--- |
| -- | e-fr--- |
| 082 00 - DEWEY DECIMAL CLASSIFICATION NUMBER | |
| Classification number | 325.3440964 |
| Edition number | 23 |
| Author mark and year | BIM 1973 |
| 100 1# - MAIN ENTRY--PERSONAL NAME | |
| Personal name | Bidwell, Robin Leonard. |
| 9 (RLIN) | 228371 |
| 245 10 - TITLE STATEMENT | |
| Title | Morocco under colonial rule: French administration of tribal areas 1912-1956. / |
| Statement of responsibility, etc. | Robin Leonard Bidwell, |
| 260 ## - PUBLICATION, DISTRIBUTION, ETC. (IMPRINT) | |
| Place of publication, distribution, etc. | London, |
| Name of publisher, distributor, etc. | Cass, |
| Date of publication, distribution, etc. | 1973. |
| 300 ## - PHYSICAL DESCRIPTION | |
| Pagination | xv, 349 p., fold. leaf. : |
| Illustrations | ill. maps.; |
| Size | 23 cm. |
| 350 ## - PRICE (NR) (BK AM CF MU VM SE) [OBSOLETE] | |
| Price | £7.50 |
| 500 ## - GENERAL NOTE | |
| General note | Includes index. |
| 504 ## - BIBLIOGRAPHY, ETC. NOTE | |
| Bibliography, etc | Bibliography: p. 329-330. |
| 651 #0 - SUBJECT ADDED ENTRY--GEOGRAPHIC NAME | |
| Geographic name | Morocco |
| General subdivision | Politics and government. |
| 9 (RLIN) | 228372 |
| 856 42 - ELECTRONIC LOCATION AND ACCESS | |
| Materials specified | Publisher description |
| Uniform Resource Identifier | <a href="http://www.loc.gov/catdir/enhancements/fy0652/73166661-d.html">http://www.loc.gov/catdir/enhancements/fy0652/73166661-d.html</a> |
| 906 ## - LOCAL DATA ELEMENT F, LDF (RLIN) | |
| a | 7 |
| b | cbc |
| c | orignew |
| d | 3 |
| e | ncip |
| f | 19 |
| g | y-gencatlg |
| 942 ## - ADDED ENTRY ELEMENTS (KOHA) | |
| Source of classification or shelving scheme | Dewey Decimal Classification |
| Koha item type | Books |
| Lost status | Source of classification or shelving scheme | Damaged status | Not for loan | Collection code | Permanent Location | Current Location | Shelving location | Date acquired | Source of acquisition | Cost, normal purchase price | Total Checkouts | Full call number | Date last seen | Copy number | Koha item type |
|---|---|---|---|---|---|---|---|---|---|---|---|---|---|---|---|
| Dewey Decimal Classification | Not For Loan | Non-fiction | Central Library, University of Rajshahi | Central Library, University of Rajshahi | Reading Room | 10/06/1975 | jonathan wren | 7.50 | 325.3440964 BIM 1973 | 19/02/2019 | C-1 | Books |